000 00424nam a2200145Ia 4500
008 100122s9999 xx 000 0 und d
082 _b6716
_a823
100 _aवरेरकर भा वि
245 _aचरित्रहीन
260 _bयुगवाणी प्रकाशन
_c1948
300 _a478
630 _aचरित्रहीन
730 _aचरित्रहीन
942 _cBOOK
999 _c399667
_d399664